| 000 | 01489cam a22003617a 4500 | ||
|---|---|---|---|
| 999 |
_c19370 _d19370 |
||
| 001 | 12995857 | ||
| 005 | 20170116103844.0 | ||
| 008 | 021107s2003 nyua bc 000 0 eng d | ||
| 010 | _a 2002115847 | ||
| 020 | _a0789308908 | ||
| 020 | _a9780789308900 | ||
| 035 | _a(OCoLC)ocm52839775 | ||
| 040 |
_aSNN _cSNN _dYBM _dBAKER _dLVB _dYDXCP _dDLC |
||
| 042 | _alccopycat | ||
| 043 | _ae-it--- | ||
| 045 | _ax4x- | ||
| 050 | 0 | 0 | _aNA1123 .A926A4 2003 |
| 100 | 1 | _aPetranzan, Margherita. | |
| 240 | 1 | 0 |
_aGae Aulenti. _lEnglish |
| 245 | 1 | 0 |
_aGae Aulenti / _cMargherita Petranzan ; [translation: Lucinda Byatt]. |
| 260 |
_aNew York, NY : _bUniverse, _c2003. |
||
| 300 |
_a256 p. : _bill. (some col.) ; _c21 cm. |
||
| 504 | _aIncludes bibliographical references (p. 252-255). | ||
| 505 | 0 | _aRoaming and being rooted -- Evocations -- Order and transgression -- Analogous objects -- Commentaries. | |
| 600 | 1 | 0 |
_aAulenti, Gae _vCatalogs. |
| 650 | 0 |
_aArchitecture _zItaly _xHistory _y20th century _vCatalogs. |
|
| 650 | 0 |
_aDesign _zItaly _xHistory _y20th century _vCatalogs. |
|
| 700 | 1 | _aAulenti, Gae. | |
| 942 |
_2lcc _cBOOKS |
||